Computer : (Record no. 337)

000 -LEADER
fixed length control field nam a22 a 4500
005 - DATE AND TIME OF LATEST TRANSACTION
control field 20170503115745.0
008 - FIXED-LENGTH DATA ELEMENTS--GENERAL INFORMATION
fixed length control field 170503b1986 -us||||| |||| 00| 0 eng d
020 ## - INTERNATIONAL STANDARD BOOK NUMBER
International Standard Book Number 067520559X (pbk) :
Terms of availability £14.95
040 ## - CATALOGING SOURCE
Original cataloging agency AKMAL
082 04 - DEWEY DECIMAL CLASSIFICATION NUMBER
Classification number 004 SPE
090 ## - LOCALLY ASSIGNED LC-TYPE CALL NUMBER (OCLC); LOCAL CALL NUMBER (RLIN)
Classification number (OCLC) (R) ; Classification number, CALL (RLIN) (NR) 004
Local cutter number (OCLC) ; Book number/undivided call number, CALL (RLIN) SPE
100 01 - MAIN ENTRY--PERSONAL NAME
Personal name Spencer, Donald D.
Dates associated with a name 1931-
9 (RLIN) 765
245 10 - TITLE STATEMENT
Title Computer :
Remainder of title an introduction /
Statement of responsibility, etc. Donald D. Spencer.
260 ## - PUBLICATION, DISTRIBUTION, ETC.
Place of publication, distribution, etc. Columbus ;
-- London :
Name of publisher, distributor, etc. Merrill,
Date of publication, distribution, etc. c1986.
300 ## - PHYSICAL DESCRIPTION
Extent xxii,348p. :
Other physical details ill(some col.), 1col.port. ;
Dimensions 26cm.
490 00 - SERIES STATEMENT
Series statement The Merrill series in computer information systems
500 00 - GENERAL NOTE
General note Includes index.
599 ## - LOCAL NOTE
Local Note DALAM PROSES
650 #0 - SUBJECT ADDED ENTRY--TOPICAL TERM
Topical term or geographic name entry element Electronic digital computers.
9 (RLIN) 766
852 41 - LOCATION
Location British Library
Sublocation or collection HMNTS
942 ## - ADDED ENTRY ELEMENTS (KOHA)
Source of classification or shelving scheme
Koha item type Book
Holdings
Withdrawn status Lost status Source of classification or shelving scheme Damaged status Not for loan Collection code Home library Current library Shelving location Date acquired Inventory number Total Checkouts Full call number Barcode Date last seen Price effective from Koha item type
          NON-FICTION AKMAL Melaka AKMAL Melaka PINJAMAN 03.05.2017 000364   004 SPE 201701206 03.05.2017 03.05.2017 Book
Pusat Sumber Maklumat Dato' Haji Sarmin Md Hussin, Akademi Kastam Diraja Malaysia, Melaka
Tel: 06-2331106 | Faks: 06-2313787